[Event "Junior Online 4NCL Division 2"]
[Site "online"]
[Date "2020.04.23"]
[Round "2.86"]
[White "Dasgupta, Avyukt"]
[Black "Wu, Yuxuan"]
[Result "1-0"]
[WhiteElo "1585"]
[BlackElo "1523"]
[PlyCount "125"]
[EventDate "2020.04.23"]
[WhiteTeam "Watford 1"]
[BlackTeam "TSK Tigers A"]

1. e4 c5 2. Nf3 d6 3. d4 cxd4 4. Nxd4 Nf6 5. Nc3 a6 6. a3 e5 7. Nf3 Be7 8. Bc4
b5 9. Bb3 Bb7 10. Qe2 Nbd7 11. O-O Nc5 12. Bd5 Bxd5 13. exd5 O-O 14. Be3 Qc7
15. Rad1 Rac8 16. h3 Nce4 17. Nxe4 Nxe4 18. c3 h6 19. Bxh6 gxh6 20. Qxe4 f5 21.
Qe3 Kh7 22. Rfe1 Rg8 23. Nd4 Bg5 24. Ne6 Bxe3 25. Nxc7 Bxf2+ 26. Kxf2 Rxc7 27.
Rd3 Rcg7 28. g3 Rf8 29. Rf3 e4 30. Rxe4 Rgf7 31. Re6 Rf6 32. Re7+ R8f7 33.
Rxf7+ Rxf7 34. g4 Kg6 35. gxf5+ Rxf5 36. Rxf5 Kxf5 37. Kf3 h5 38. h4 Ke5 39. b3
Kf5 40. c4 bxc4 41. bxc4 a5 42. a4 Ke5 43. Ke3 Kf5 44. Kf3 Ke5 45. Ke3 Kf5 46.
Kd4 Kf6 47. Ke4 Kg6 48. Kd4 Kf5 49. c5 dxc5+ 50. Kxc5 Kf6 51. Kc6 Ke7 52. Kc7
Kf6 53. d6 Kf5 54. d7 Kg4 55. d8=Q Kh3 56. Qg5 Kh2 57. Qxa5 Kh3 58. Qg5 Kh2 59.
a5 Kh1 60. a6 Kh2 61. a7 Kh3 62. a8=Q Kh2 63. Qgg2# 1-0

[Event "Junior Online 4NCL Division 2"]
[Site "online"]
[Date "2020.04.23"]
[Round "2.87"]
[White "Swamy, Anshul"]
[Black "Morrell, Sean"]
[Result "1-0"]
[WhiteElo "1472"]
[BlackElo "1480"]
[PlyCount "61"]
[EventDate "2020.04.23"]
[WhiteTeam "TSK Tigers A"]
[BlackTeam "Watford 1"]

1. e4 e6 2. d4 d5 3. e5 c5 4. c3 Nc6 5. Nf3 Qb6 6. Bd3 Bd7 7. O-O cxd4 8. cxd4
Nxd4 9. Nxd4 Qxd4 10. Re1 Rc8 11. Be3 Qxb2 12. Nd2 Bc5 13. Bxc5 Rxc5 14. Nb3
Ba4 15. Re2 Bxb3 16. axb3 Qc3 17. Rc2 Qb4 18. Ra4 Qxb3 19. Rxa7 Rxc2 20. Bxc2
Qc3 21. Ra8+ Ke7 22. Rb8 Qc7 23. Ra8 Qxe5 24. Ra7 Qb8 25. Qa1 Nf6 26. Qa3+ Kd7
27. Ba4+ Kd8 28. Bc6 bxc6 29. Ra8 Kd7 30. Rxb8 Rxb8 31. Qa7+ 1-0

[Event "Junior Online 4NCL Division 2"]
[Site "online"]
[Date "2020.04.23"]
[Round "2.88"]
[White "Chan, Daniel"]
[Black "Bagga, Khushi"]
[Result "0-1"]
[WhiteElo "1412"]
[BlackElo "1059"]
[PlyCount "36"]
[EventDate "2020.04.23"]
[WhiteTeam "Watford 1"]
[BlackTeam "TSK Tigers A"]

1. e4 e5 2. Nf3 Nc6 3. Bc4 Bc5 4. O-O Nf6 5. Nc3 O-O 6. d3 h6 7. a3 d6 8. b4
Bb6 9. a4 a5 10. b5 Nd4 11. Nd5 Bg4 12. Nxb6 cxb6 13. Be3 Nxf3+ 14. gxf3 Bh3
15. Re1 Nh5 16. d4 Qf6 17. dxe5 Qg6+ 18. Kh1 Qg2# 0-1

[Event "Junior Online 4NCL Division 2"]
[Site "online"]
[Date "2020.04.30"]
[Round "3.11"]
[White "Collins, Adam"]
[Black "Pal, Rohan"]
[Result "1/2-1/2"]
[WhiteElo "1760"]
[BlackElo "1772"]
[PlyCount "126"]
[EventDate "2020.04.30"]
[WhiteTeam "A6 and Chill"]
[BlackTeam "Hallfield School A"]

1. e4 e5 2. Nf3 Nc6 3. Bb5 a6 4. Ba4 Nf6 5. O-O b5 6. Bb3 Bc5 7. c3 d6 8. d3
O-O 9. h3 h6 10. Re1 Bb6 11. Nbd2 Ne7 12. Nf1 Ng6 13. Ng3 Be6 14. Bc2 Re8 15.
d4 c5 16. dxc5 dxc5 17. Be3 Qc7 18. Nf5 Rad8 19. Qc1 Kh7 20. Bxh6 Bxf5 21. exf5
gxh6 22. fxg6+ fxg6 23. Qb1 e4 24. Bxe4 Nxe4 25. Rxe4 Rd1+ 26. Qxd1 Rxe4 27.
Qd2 c4 28. Re1 Rxe1+ 29. Qxe1 Qd7 30. Qd2 Qxd2 31. Nxd2 Kg7 32. Kf1 Kf6 33. Ke2
Ke5 34. g3 a5 35. a4 Kd5 36. axb5 Kc5 37. f4 Kxb5 38. Kf3 Kc5 39. g4 Bd8 40. f5
gxf5 41. gxf5 Kd5 42. Kg4 Bg5 43. Nf1 Bc1 44. f6 Ke6 45. Kf3 Bxb2 46. Ne3 Bxc3
47. Nxc4 Kxf6 48. Nxa5 Bxa5 49. h4 Kg6 50. Kg2 Kh5 51. Kh1 Kxh4 52. Kh2 Kg4 53.
Kh1 Bb6 54. Kh2 h5 55. Kh1 h4 56. Kh2 Bf2 57. Kg2 h3+ 58. Kh2 Bg3+ 59. Kh1 Bf4
60. Kg1 Kf3 61. Kh1 Kg3 62. Kg1 Be3+ 63. Kh1 h2 1/2-1/2

[Event "Junior Online 4NCL Division 2"]
[Site "online"]
[Date "2020.04.30"]
[Round "3.12"]
[White "Monga, Kanav"]
[Black "O'cuilleanain, Oisin"]
[Result "1/2-1/2"]
[WhiteElo "1645"]
[BlackElo "1660"]
[PlyCount "113"]
[EventDate "2020.04.30"]
[WhiteTeam "Hallfield School A"]
[BlackTeam "A6 and Chill"]

1. d4 f5 2. Bf4 e6 3. e3 Nf6 4. Nf3 d6 5. Bd3 Be7 6. Nbd2 Nc6 7. Qe2 O-O 8. c3
a5 9. O-O Nh5 10. Bg3 Nxg3 11. hxg3 e5 12. d5 Nb8 13. e4 f4 14. gxf4 Rxf4 15.
Rfc1 Nd7 16. c4 Nc5 17. a3 a4 18. Rc3 Qe8 19. b4 axb3 20. Nxb3 Nxd3 21. Qxd3
Qh5 22. c5 Bg4 23. Nbd2 dxc5 24. Rb1 b6 25. d6 Rd8 26. Qc4+ Qf7 27. Qxf7+ Kxf7
28. dxe7 Kxe7 29. Rb2 Rf6 30. Nxe5 Be6 31. Nc6+ Kd7 32. Nxd8 Kxd8 33. e5 Rf5
34. Nf3 Bd5 35. Rd2 c6 36. Re3 Ke7 37. a4 Ke6 38. Rb2 Bxf3 39. Rxf3 Rxe5 40.
Rxb6 Kd5 41. Rf7 c4 42. Rc7 Re6 43. a5 c3 44. Rb1 Kd4 45. a6 c2 46. Rc1 Kd3 47.
Rd7+ Kc3 48. a7 Re8 49. Rb7 Kd2 50. Rb8 Kxc1 51. Rxe8 Kd2 52. Rd8+ Kc3 53. a8=Q
c1=Q+ 54. Kh2 Qf4+ 55. Kh3 Qf5+ 56. g4 Qf3+ 57. Kh4 1/2-1/2

[Event "Junior Online 4NCL Division 2"]
[Site "online"]
[Date "2020.04.30"]
[Round "3.13"]
[White "Avetisyan, Gagik"]
[Black "Amir, Zain"]
[Result "1/2-1/2"]
[WhiteElo "1553"]
[BlackElo "1562"]
[PlyCount "97"]
[EventDate "2020.04.30"]
[WhiteTeam "A6 and Chill"]
[BlackTeam "Hallfield School A"]

1. d4 d5 2. c4 e6 3. Nf3 Nf6 4. g3 Nc6 5. Bg2 Bd7 6. O-O h6 7. Nbd2 Be7 8. e3
O-O 9. Ne5 Bd6 10. Ndf3 Ne4 11. Qc2 Nxe5 12. Nxe5 Bxe5 13. dxe5 Qg5 14. cxd5
exd5 15. Bxe4 dxe4 16. Qxe4 Bc6 17. Qf4 Qh5 18. e4 Qh3 19. Bd2 Rac8 20. Bb4
Rfe8 21. Rad1 Re6 22. Bc3 Rce8 23. Qf5 Qxf5 24. exf5 R6e7 25. Rd2 Rd7 26. Rfd1
Rxd2 27. Rxd2 Re7 28. Kf1 Rd7 29. f4 Bb5+ 30. Kf2 Kf8 31. Bb4+ Ke8 32. e6 fxe6
33. fxe6 Rxd2+ 34. Bxd2 Ke7 35. Bc3 g6 36. Bg7 h5 37. Be5 c6 38. h3 Kxe6 39. g4
hxg4 40. hxg4 Bc4 41. a3 b5 42. Ke3 a5 43. Bc3 a4 44. Bb4 Bd5 45. Bc5 Kf6 46.
Bd4+ Ke6 47. Bc5 Kf6 48. Bd4+ Ke6 49. Bc5 1/2-1/2

[Event "Junior Online 4NCL Division 2"]
[Site "online"]
[Date "2020.04.30"]
[Round "3.14"]
[White "Pasha, Farhaan"]
[Black "Hackett, William"]
[Result "0-1"]
[WhiteElo "1382"]
[BlackElo "1530"]
[PlyCount "82"]
[EventDate "2020.04.30"]
[WhiteTeam "Hallfield School A"]
[BlackTeam "A6 and Chill"]

1. e4 c6 2. Nf3 d5 3. d3 Bg4 4. Nc3 e6 5. Bg5 Be7 6. Bf4 Bd6 7. Bxd6 Qxd6 8. e5
Qc7 9. Be2 Nd7 10. d4 Ne7 11. O-O O-O 12. Qd2 c5 13. Rad1 Bxf3 14. Bxf3 cxd4
15. Qxd4 Qxe5 16. Qd2 Rac8 17. Rfe1 Qc7 18. Qd3 a6 19. Re2 Ne5 20. Qe3 Nc4 21.
Qc1 Ng6 22. b3 Nce5 23. Qe3 Qxc3 24. Qxc3 Rxc3 25. Bh5 Rfc8 26. Rc1 Nd3 27. Rd1
Ndf4 28. Red2 Nxh5 29. Rc1 Nf6 30. a4 Rxb3 31. Rcd1 Rbc3 32. Rc1 Ne4 33. Re2
Nf4 34. Ree1 Rxc2 35. Rb1 Rxf2 36. Kh1 Rxg2 37. Rf1 Nf2+ 38. Rxf2 Rxf2 39. Kg1
Rfc2 40. Rxb7 Ra2 41. Rb4 Rc1# 0-1

[Event "Junior Online 4NCL Division 2"]
[Site "online"]
[Date "2020.04.30"]
[Round "3.15"]
[White "Pal, Rohan"]
[Black "Collins, Adam"]
[Result "0-1"]
[WhiteElo "1772"]
[BlackElo "1760"]
[PlyCount "54"]
[EventDate "2020.04.30"]
[WhiteTeam "Hallfield School A"]
[BlackTeam "A6 and Chill"]

1. e4 c6 2. d4 d5 3. exd5 cxd5 4. Bd3 Nc6 5. c3 Nf6 6. Bf4 g6 7. Nf3 Bg7 8. O-O
O-O 9. Qc2 Bd7 10. Nbd2 Rc8 11. a3 a6 12. Nb3 Nh5 13. Bg5 Bg4 14. Nfd2 Nxd4 15.
Nxd4 Bxd4 16. Qb3 Bf6 17. Bxf6 Nxf6 18. h3 Bd7 19. Qb5 Bxb5 20. Bxb5 axb5 21.
a4 d4 22. axb5 dxc3 23. Nf3 cxb2 24. Rab1 Rc1 25. Rbxc1 bxc1=Q 26. Rxc1 Qb6 27.
Rb1 Ne4 0-1

[Event "Junior Online 4NCL Division 2"]
[Site "online"]
[Date "2020.04.30"]
[Round "3.16"]
[White "O'cuilleanain, Oisin"]
[Black "Monga, Kanav"]
[Result "1-0"]
[WhiteElo "1660"]
[BlackElo "1645"]
[PlyCount "65"]
[EventDate "2020.04.30"]
[WhiteTeam "A6 and Chill"]
[BlackTeam "Hallfield School A"]

1. d4 d5 2. c4 e6 3. Nc3 Nf6 4. cxd5 exd5 5. Bg5 Be7 6. Qc2 c6 7. e3 Nbd7 8.
Bd3 h6 9. Bf4 O-O 10. Nf3 Bb4 11. h3 Re8 12. O-O Ne4 13. Nxe4 dxe4 14. Bxe4 Nf6
15. Bd3 b6 16. a3 Bd6 17. Bxd6 Qxd6 18. Rac1 Bb7 19. b4 Rac8 20. Ne5 c5 21. Qb3
cxd4 22. Qxf7+ Kh8 23. Ng6+ Kh7 24. Ne7+ Kh8 25. Ng6+ Kh7 26. Qxb7 Rxc1 27.
Rxc1 dxe3 28. Ne5+ Kg8 29. Qf7+ Kh8 30. Qxe8+ Nxe8 31. Nf7+ Kg8 32. Nxd6 Nxd6
33. fxe3 1-0

[Event "Junior Online 4NCL Division 2"]
[Site "online"]
[Date "2020.04.30"]
[Round "3.17"]
[White "Amir, Zain"]
[Black "Avetisyan, Gagik"]
[Result "1/2-1/2"]
[WhiteElo "1562"]
[BlackElo "1553"]
[PlyCount "83"]
[EventDate "2020.04.30"]
[WhiteTeam "Hallfield School A"]
[BlackTeam "A6 and Chill"]

1. c4 Nf6 2. Nc3 c6 3. g3 d5 4. cxd5 cxd5 5. d4 Nc6 6. Bg2 Bf5 7. Nf3 Nb4 8.
Qa4+ Nc6 9. Ne5 Bd7 10. Nxd7 Qxd7 11. O-O e6 12. Bf4 Be7 13. Rad1 O-O 14. Rfe1
a6 15. Qc2 Rac8 16. Qb3 Na5 17. Qa4 Qxa4 18. Nxa4 b5 19. Nc3 Nc4 20. Rb1 Nxb2
21. Rxb2 Rxc3 22. Rb3 Rfc8 23. Rxc3 Rxc3 24. Rc1 Rc4 25. Bf1 Ne4 26. e3 Rxc1
27. Kg2 Rc2 28. Bd3 Rxf2+ 29. Kh3 Nd2 30. g4 Nf3 31. Kg3 Bh4+ 32. Kh3 Nxd4 33.
Bg3 Bxg3 34. Kxg3 Rf3+ 35. Kg2 Rxe3 36. Bf1 Ra3 37. Kf2 Rxa2+ 38. Ke3 Nc2+ 39.
Ke2 Nd4+ 40. Ke3 Ra1 41. Bg2 Ra2 42. Bf1 1/2-1/2

[Event "Junior Online 4NCL Division 2"]
[Site "online"]
[Date "2020.04.30"]
[Round "3.18"]
[White "Hackett, William"]
[Black "Pasha, Farhaan"]
[Result "1-0"]
[WhiteElo "1530"]
[BlackElo "1382"]
[PlyCount "183"]
[EventDate "2020.04.30"]
[WhiteTeam "A6 and Chill"]
[BlackTeam "Hallfield School A"]

1. d4 d5 2. Bf4 Nc6 3. e3 Bf5 4. Bd3 Bg6 5. Nf3 Nf6 6. O-O e6 7. a3 Bd6 8. Bxd6
cxd6 9. c4 e5 10. cxd5 Nxd5 11. Nbd2 Bxd3 12. Re1 O-O 13. dxe5 dxe5 14. Qb3 Bg6
15. Qxb7 Qc7 16. Qxc7 Nxc7 17. Rac1 Rac8 18. Rxc6 e4 19. Nd4 Nd5 20. Rec1 Rb8
21. b4 Rfd8 22. h3 Ne7 23. R6c5 Re8 24. N2b3 Rbd8 25. Na5 Rb8 26. Nac6 Nxc6 27.
Rxc6 Rbd8 28. Kf1 Bh5 29. g4 Bg6 30. Ke2 h5 31. Rc7 Ra8 32. R1c5 hxg4 33. hxg4
a6 34. Rd7 Rab8 35. Rcc7 Ra8 36. Nf5 Bxf5 37. gxf5 Rf8 38. Re7 Rad8 39. Rxe4
Ra8 40. Ree7 a5 41. b5 Rab8 42. Rb7 Rbc8 43. b6 Rc2+ 44. Kf3 Rb2 45. Re5 Ra8
46. Ra7 Rb8 47. b7 R2xb7 48. Rxb7 Rxb7 49. Rxa5 Re7 50. Rd5 Ra7 51. Rd3 Rb7 52.
e4 Ra7 53. Kf4 f6 54. f3 Re7 55. a4 g5+ 56. fxg6 Ra7 57. Ra3 Kg7 58. a5 Kxg6
59. a6 Ra8 60. a7 Kg7 61. Kf5 Kf7 62. e5 fxe5 63. Kxe5 Kg6 64. Kd6 Kf5 65. Kc7
Kf4 66. Kb7 Re8 67. a8=Q Re7+ 68. Kb6 Re6+ 69. Qc6 Rxc6+ 70. Kxc6 Kf5 71. Kd5
Kf4 72. Ra4+ Kxf3 73. Ke5 Kg3 74. Rb4 Kf3 75. Rc4 Kg3 76. Kf5 Kf3 77. Rc3+ Ke2
78. Ke4 Kd2 79. Rh3 Kc2 80. Kd4 Kb2 81. Kc4 Ka2 82. Kb4 Kb1 83. Rh2 Kc1 84. Kb3
Kd1 85. Kc3 Ke1 86. Kd3 Kf1 87. Ke3 Kg1 88. Rb2 Kf1 89. Ra2 Kg1 90. Kf3 Kh1 91.
Kg3 Kg1 92. Ra1# 1-0

[Event "Junior Online 4NCL Division 2"]
[Site "online"]
[Date "2020.04.30"]
[Round "3.21"]
[White "Pert, Nina"]
[Black "Volovich, Julia"]
[Result "0-1"]
[WhiteElo "1772"]
[BlackElo "1892"]
[PlyCount "62"]
[EventDate "2020.04.30"]
[WhiteTeam "Brentwood 1"]
[BlackTeam "Cambridge Chess & Go A"]

1. e4 e6 2. d4 d5 3. Nc3 Bb4 4. e5 c5 5. Bd2 Ne7 6. dxc5 Nbc6 7. Qg4 O-O 8.
O-O-O f5 9. Qg3 f4 10. Bxf4 Bxc3 11. bxc3 Qa5 12. Kb1 b6 13. Ka1 bxc5 14. Be2
Rxf4 15. Qxf4 Qxc3+ 16. Kb1 Rb8+ 17. Kc1 Nb4 18. Qxb4 cxb4 19. Rd3 Qa1+ 20. Kd2
Ba6 21. Rg3 Bxe2 22. Kxe2 Qxe5+ 23. Re3 Qd6 24. Nf3 Nf5 25. Rd3 e5 26. Rhd1 d4
27. g4 Ne7 28. h4 Nd5 29. Kf1 Nc3 30. R1d2 Nxa2 31. Re2 Rb5 0-1

[Event "Junior Online 4NCL Division 2"]
[Site "online"]
[Date "2020.04.30"]
[Round "3.22"]
[White "Linton, Alexander"]
[Black "Pert, Max"]
[Result "0-1"]
[WhiteElo "1607"]
[BlackElo "1727"]
[PlyCount "110"]
[EventDate "2020.04.30"]
[WhiteTeam "Cambridge Chess & Go A"]
[BlackTeam "Brentwood 1"]

1. e4 c6 2. d4 d5 3. e5 c5 4. c3 Nc6 5. Nf3 Bg4 6. Be2 e6 7. h3 Bxf3 8. Bxf3
Qb6 9. dxc5 Bxc5 10. Qe2 a5 11. O-O Nge7 12. b3 Nf5 13. Ba3 Ng3 14. Qe1 Nxf1
15. Bxc5 Qxc5 16. Qxf1 Nxe5 17. Be2 Nc6 18. c4 O-O 19. Nd2 Nd4 20. Bd3 h6 21.
Rc1 Qb4 22. Qd1 a4 23. cxd5 exd5 24. Kh1 axb3 25. axb3 Ra2 26. Bc2 Nxc2 27.
Rxc2 Rxc2 28. Qxc2 Qd4 29. Nf3 Qe4 30. Qd2 Re8 31. b4 Rd8 32. b5 Qb1+ 33. Kh2
Qxb5 34. Nd4 Qc4 35. f3 b5 36. Nc2 d4 37. Kg3 d3 38. Ne3 Qc7+ 39. Kf2 b4 40.
Qxb4 d2 41. Qb3 Qc5 42. Ke2 Qc1 43. Qd1 Re8 44. Qxd2 Qxd2+ 45. Kxd2 Kh7 46. Kd3
Kg6 47. g4 Kg5 48. Nf5 g6 49. h4+ Kf4 50. Nxh6 Kxf3 51. h5 gxh5 52. gxh5 f6 53.
Nf5 Kg4 54. Kc4 Kxf5 55. h6 Kg6 0-1

[Event "Junior Online 4NCL Division 2"]
[Site "online"]
[Date "2020.04.30"]
[Round "3.23"]
[White "Molostvov, Dmitry M"]
[Black "Volovich, Andrew"]
[Result "1-0"]
[WhiteElo "1592"]
[BlackElo "1480"]
[PlyCount "91"]
[EventDate "2020.04.30"]
[WhiteTeam "Brentwood 1"]
[BlackTeam "Cambridge Chess & Go A"]

1. d4 d5 2. c4 e6 3. Nc3 Nf6 4. cxd5 exd5 5. Bg5 Be7 6. e3 O-O 7. Bd3 Nc6 8.
Nf3 Nb4 9. Bb1 Ne4 10. Bxe7 Qxe7 11. a3 Nxc3 12. bxc3 Nc6 13. Qc2 f5 14. O-O
Na5 15. Ne5 Nc4 16. Nxc4 dxc4 17. Ba2 b5 18. a4 a6 19. axb5 axb5 20. Bxc4+ bxc4
21. Rxa8 h6 22. Rfa1 Kf7 23. Rxc8 Rxc8 24. Qxf5+ Ke8 25. Qxc8+ Qd8 26. Ra8 Qxc8
27. Rxc8+ Kd7 28. Rg8 Kd6 29. Rxg7 c5 30. Rg6+ Kd5 31. Rxh6 cxd4 32. exd4 Ke4
33. h4 Kd3 34. Rc6 Kxc3 35. h5 Kxd4 36. Rxc4+ Kxc4 37. h6 Kd3 38. h7 Kd4 39.
h8=Q+ Kd5 40. g4 Ke4 41. g5 Kf5 42. Qf6+ Kg4 43. g6 Kh5 44. g7 Kg4 45. g8=R+
Kh5 46. Qh8# 1-0

[Event "Junior Online 4NCL Division 2"]
[Site "online"]
[Date "2020.04.30"]
[Round "3.24"]
[White "Kopanitsa, Anton"]
[Black "Gohil, Shayan"]
[Result "1-0"]
[WhiteElo "1472"]
[BlackElo "1390"]
[PlyCount "147"]
[EventDate "2020.04.30"]
[WhiteTeam "Cambridge Chess & Go A"]
[BlackTeam "Brentwood 1"]

1. b4 e5 2. Bb2 Nc6 3. b5 Nd4 4. e3 Nf5 5. Bxe5 Nf6 6. Nf3 Be7 7. Be2 d6 8. Bb2
Be6 9. O-O O-O 10. d4 Ne4 11. Nbd2 Nf6 12. c4 d5 13. c5 Qd7 14. a4 c6 15. Ne5
Qc7 16. Qc2 b6 17. Nxc6 a6 18. Nxe7+ Nxe7 19. bxa6 bxc5 20. dxc5 Ng4 21. Bxg4
Bxg4 22. Qc3 f6 23. h3 Be6 24. Nf3 Rxa6 25. Ng5 Bd7 26. h4 Bxa4 27. e4 Bb5 28.
Rfe1 Rxa1 29. Rxa1 dxe4 30. Nxe4 Nd5 31. Qb3 Bc6 32. Rd1 Rd8 33. h5 Qf4 34. Nd6
Qg5 35. Ne4 Qxh5 36. Qf3 Qxf3 37. gxf3 f5 38. Ng3 f4 39. Nf5 Rf8 40. Rxd5 Bxd5
41. Ne7+ Kf7 42. Nxd5 Rd8 43. Nxf4 Rc8 44. Ba3 Ra8 45. Bb4 Ra1+ 46. Kg2 Ra4 47.
Bd2 g5 48. Nh3 g4 49. fxg4 Rxg4+ 50. Kf3 Rg6 51. Nf4 Rf6 52. Be3 h5 53. Ke4 h4
54. Kd5 Rf5+ 55. Kc4 Ke7 56. Kb5 Kd7 57. Kb6 Kc8 58. c6 Rf6 59. Nd5 Re6 60. Bf4
h3 61. Bg3 Kd8 62. Kb7 Re8 63. c7+ Kd7 64. Nf6+ Ke7 65. Nxe8 Kxe8 66. c8=Q+ Ke7
67. Qxh3 Kf7 68. Qh6 Ke7 69. Qg6 Kd7 70. Qf6 Ke8 71. Qg7 Kd8 72. Kc6 Ke8 73.
Kd6 Kd8 74. Qd7# 1-0

[Event "Junior Online 4NCL Division 2"]
[Site "online"]
[Date "2020.04.30"]
[Round "3.25"]
[White "Volovich, Julia"]
[Black "Pert, Nina"]
[Result "1-0"]
[WhiteElo "1892"]
[BlackElo "1772"]
[PlyCount "85"]
[EventDate "2020.04.30"]
[WhiteTeam "Cambridge Chess & Go A"]
[BlackTeam "Brentwood 1"]

1. d4 d5 2. c4 e6 3. Nc3 c5 4. cxd5 cxd4 5. Qa4+ Bd7 6. Qxd4 exd5 7. Qxd5 Nc6
8. Nf3 Nf6 9. Qd1 Bc5 10. e3 Qe7 11. Be2 O-O 12. O-O Rfd8 13. a3 Bf5 14. Qa4
Rac8 15. b4 Bd6 16. Bb2 Ne5 17. Rad1 Ne4 18. Nxe4 Bxe4 19. Bxe5 Bxe5 20. Nxe5
Qxe5 21. Qxa7 Re8 22. Qd4 Qg5 23. f3 Bc2 24. f4 Qe7 25. Rc1 Qxe3+ 26. Qxe3 Rxe3
27. Bf3 Rxa3 28. Bxb7 Rc7 29. Be4 Rac3 30. Rf3 R3c4 31. Bd5 Rd4 32. Bb3 Bxb3
33. Rxc7 Be6 34. f5 Bd7 35. b5 h6 36. b6 Rd1+ 37. Kf2 Rb1 38. Rxd7 Rxb6 39.
Rfd3 h5 40. Kg3 Rf6 41. R3d5 Kh7 42. Kh4 Rb6 43. h3 1-0

[Event "Junior Online 4NCL Division 2"]
[Site "online"]
[Date "2020.04.30"]
[Round "3.26"]
[White "Pert, Max"]
[Black "Linton, Alexander"]
[Result "1-0"]
[WhiteElo "1727"]
[BlackElo "1607"]
[PlyCount "97"]
[EventDate "2020.04.30"]
[WhiteTeam "Brentwood 1"]
[BlackTeam "Cambridge Chess & Go A"]

1. d4 d5 2. Nf3 c5 3. e3 Nc6 4. Bb5 a6 5. Bxc6+ bxc6 6. Nc3 e6 7. O-O Nf6 8.
Ne5 Bd7 9. h3 cxd4 10. exd4 c5 11. Bg5 cxd4 12. Qxd4 Rc8 13. Nxd7 Qxd7 14. Bxf6
Bc5 15. Qh4 gxf6 16. Qxf6 Rg8 17. Rad1 Rg6 18. Qh8+ Ke7 19. Qxh7 Rcg8 20. Qh4+
Ke8 21. g4 f5 22. Qh5 fxg4 23. hxg4 Qf7 24. Qh3 Bxf2+ 25. Rxf2 Rxg4+ 26. Kf1
Rf4 27. Rdd2 Rf8 28. Qe3 Rxf2+ 29. Rxf2 Qxf2+ 30. Qxf2 Rxf2+ 31. Kxf2 Kd7 32.
Ke3 Kd6 33. Kd4 Kc6 34. Ke5 Kd7 35. Nxd5 exd5 36. Kxd5 Kc7 37. Kc5 Kb7 38. b4
Ka7 39. c4 a5 40. bxa5 Ka6 41. Kd6 Kxa5 42. c5 Ka4 43. c6 Ka3 44. c7 Kxa2 45.
c8=Q Kb2 46. Kd5 Ka3 47. Qb8 Ka4 48. Kc4 Ka3 49. Qb3# 1-0

[Event "Junior Online 4NCL Division 2"]
[Site "online"]
[Date "2020.04.30"]
[Round "3.27"]
[White "Volovich, Andrew"]
[Black "Molostvov, Dmitry M"]
[Result "0-1"]
[WhiteElo "1480"]
[BlackElo "1592"]
[PlyCount "42"]
[EventDate "2020.04.30"]
[WhiteTeam "Cambridge Chess & Go A"]
[BlackTeam "Brentwood 1"]

1. e4 c5 2. Nf3 Nc6 3. d4 cxd4 4. Nxd4 Nf6 5. Nc3 e5 6. Nxc6 bxc6 7. Be3 Bb4 8.
Bd3 d5 9. exd5 cxd5 10. Bd2 O-O 11. Qf3 e4 12. Bxe4 dxe4 13. Nxe4 Bxd2+ 14.
Nxd2 Re8+ 15. Kd1 Bg4 16. Kc1 Bxf3 17. Nxf3 Ne4 18. Rd1 Qf6 19. Rf1 Qf4+ 20.
Kd1 Rad8+ 21. Ke2 Nc3# 0-1

[Event "Junior Online 4NCL Division 2"]
[Site "online"]
[Date "2020.04.30"]
[Round "3.28"]
[White "Gohil, Shayan"]
[Black "Kopanitsa, Anton"]
[Result "0-1"]
[WhiteElo "1390"]
[BlackElo "1472"]
[PlyCount "60"]
[EventDate "2020.04.30"]
[WhiteTeam "Brentwood 1"]
[BlackTeam "Cambridge Chess & Go A"]

1. e4 e6 2. d4 d5 3. e5 c5 4. Nf3 Nc6 5. Bb5 Bd7 6. Nc3 a6 7. Be2 Be7 8. Bf4
Nh6 9. O-O O-O 10. Re1 Kh8 11. Qd2 Rg8 12. dxc5 Bxc5 13. Qd3 g5 14. Bg3 Nf5 15.
Nd2 Nb4 16. Qf3 Nxc2 17. Qh5 Nxa1 18. Rxa1 Nxg3 19. hxg3 Bxf2+ 20. Kxf2 Qb6+
21. Kf1 Qxb2 22. Rd1 Qxc3 23. Kf2 Qxe5 24. Rh1 Qd4+ 25. Ke1 Rg7 26. Nf3 Qe3 27.
a3 Bb5 28. Nxg5 Rc8 29. Nxf7+ Rxf7 30. Kd1 Rc1# 0-1

[Event "Junior Online 4NCL Division 2"]
[Site "online"]
[Date "2020.04.30"]
[Round "3.31"]
[White "Saunders, Aron"]
[Black "Sturge, Sam"]
[Result "1/2-1/2"]
[WhiteElo "1765"]
[BlackElo "1660"]
[PlyCount "112"]
[EventDate "2020.04.30"]
[WhiteTeam "Downend Upstarts"]
[BlackTeam "Surbiton Juniors A"]

1. e4 e6 2. d4 d5 3. exd5 exd5 4. Nf3 Bd6 5. c4 c6 6. Nc3 Nf6 7. Bg5 Be6 8.
cxd5 cxd5 9. Bd3 Qe7 10. O-O Nbd7 11. Re1 O-O 12. Nxd5 Qd8 13. Nxf6+ Nxf6 14.
a3 a5 15. Rc1 Be7 16. Qd2 Bg4 17. Ne5 h6 18. Nxg4 hxg5 19. Qxg5 Qxd4 20. Rxe7
Nxg4 21. Qh4 Qxd3 22. Qxg4 Rac8 23. Ree1 Qd2 24. Qd1 Qxd1 25. Rexd1 Rfd8 26.
Rxd8+ Rxd8 27. Kf1 Rd7 28. Ke2 Kf8 29. Kf3 Ke7 30. Ke3 g6 31. Rc5 b6 32. Rb5
Rb7 33. Ke4 Kd6 34. a4 Kc6 35. Ke5 Rd7 36. Kf4 Rd4+ 37. Kg5 Rxa4 38. Rb3 Kc5
39. Kf6 Rf4+ 40. Kg7 Rxf2 41. h3 b5 42. g4 Kc4 43. Rc3+ Kb4 44. Re3 Rxb2 45.
Kxf7 Rb3 46. Re4+ Ka3 47. h4 Rb4 48. Re3+ Rb3 49. Re5 Rb4 50. h5 Rxg4 51. hxg6
b4 52. g7 b3 53. g8=Q Rxg8 54. Kxg8 b2 55. Rxa5+ Kb3 56. Rb5+ Kc2 1/2-1/2

[Event "Junior Online 4NCL Division 2"]
[Site "online"]
[Date "2020.04.30"]
[Round "3.32"]
[White "Morrison, Joseph"]
[Black "Carter, Thomas"]
[Result "0-1"]
[WhiteElo "1465"]
[BlackElo "1592"]
[PlyCount "72"]
[EventDate "2020.04.30"]
[WhiteTeam "Surbiton Juniors A"]
[BlackTeam "Downend Upstarts"]

1. c4 e5 2. Nc3 c6 3. e4 Nf6 4. g3 d5 5. exd5 cxd5 6. cxd5 Nxd5 7. Bg2 Nxc3 8.
bxc3 Nc6 9. Ne2 Bd7 10. O-O Bd6 11. d4 exd4 12. Nxd4 Nxd4 13. Qxd4 Bf8 14. Re1+
Be6 15. Qxd8+ Rxd8 16. f4 Be7 17. Bxb7 O-O 18. Bg2 Bf6 19. Bb2 Rd2 20. Rab1
Bxa2 21. Ba3 Rfd8 22. Rbc1 h6 23. Bb4 Rc8 24. Bf3 Rd3 25. Be4 Rdd8 26. Kf2 Bd5
27. Bxd5 Rxd5 28. Re3 a5 29. Ba3 Rd2+ 30. Kg1 Ra2 31. Be7 Bd4 32. Rce1 Bxe3+
33. Rxe3 Rc2 34. Re5 a4 35. Ra5 Re8 36. Bb4 Re1# 0-1

[Event "Junior Online 4NCL Division 2"]
[Site "online"]
[Date "2020.04.30"]
[Round "3.33"]
[White "Ahmed, Bilal"]
[Black "Jonikas, Augustas"]
[Result "1-0"]
[WhiteElo "1570"]
[BlackElo "1540"]
[PlyCount "35"]
[EventDate "2020.04.30"]
[WhiteTeam "Downend Upstarts"]
[BlackTeam "Surbiton Juniors A"]

1. e4 e5 2. Nf3 Nc6 3. Bb5 Bc5 4. O-O d6 5. h3 Nf6 6. Re1 a6 7. Ba4 b5 8. Bb3
Be6 9. c3 Bb6 10. d4 Bxb3 11. axb3 Qd7 12. d5 Ne7 13. Bg5 Ng6 14. c4 Ke7 15.
Nc3 b4 16. Na4 a5 17. Rc1 c5 18. Nxb6 1-0

[Event "Junior Online 4NCL Division 2"]
[Site "online"]
[Date "2020.04.30"]
[Round "3.34"]
[White "Kushagra, Aarav"]
[Black "Goodhew, Finn"]
[Result "0-1"]
[WhiteElo "1300"]
[BlackElo "1562"]
[PlyCount "116"]
[EventDate "2020.04.30"]
[WhiteTeam "Surbiton Juniors A"]
[BlackTeam "Downend Upstarts"]

1. e4 e6 2. Nf3 d5 3. exd5 exd5 4. Nc3 Nf6 5. d4 Bd6 6. Bg5 c6 7. Bd3 Bg4 8. h3
Bh5 9. g4 Bg6 10. Bxg6 hxg6 11. Qe2+ Qe7 12. Qxe7+ Bxe7 13. O-O-O O-O 14. Rde1
Bb4 15. Re3 Nbd7 16. a3 Ba5 17. h4 Nxg4 18. Ree1 Nxf2 19. Rh2 Bxc3 20. bxc3 Ne4
21. h5 gxh5 22. Rxh5 Nxc3 23. Ne5 Nxe5 24. dxe5 Ne4 25. Rf1 Nxg5 26. Rxg5 Rfe8
27. Rh5 Re6 28. Rf4 Rh6 29. Rg5 Re8 30. c3 Rhe6 31. Rfg4 g6 32. Rh4 Rxe5 33.
Rxe5 Rxe5 34. Ra4 a6 35. Rb4 Re7 36. c4 dxc4 37. Rxc4 Kg7 38. a4 g5 39. a5 f5
40. Rc5 Kg6 41. Kd2 g4 42. Rc3 Kg5 43. Re3 Rxe3 44. Kxe3 c5 45. Ke2 c4 46. Ke3
g3 47. Ke2 c3 48. Ke1 c2 49. Kd2 g2 50. Kxc2 g1=Q 51. Kd3 Qf2 52. Kc4 Qc2+ 53.
Kd5 Qc3 54. Ke6 Qd4 55. Kf7 Qe5 56. Kf8 Qc7 57. Ke8 Kf6 58. Kf8 Qd8# 0-1